000 00402 a2200169 4500
001 44456
020 _a8526250655
040 _cAnchieta - Aquarius
100 _aLarruela, Enric
240 1 0 _aBruxa Onilda é uma grande estrela
_lpor
245 1 0 _aBruxa Onilda é uma grande estrela
300 _a40
362 0 _a2003
440 1 _aScipione
650 4 _aLiteratura infanto-juvenil
942 _cBK
999 _c44456
_d44456